00392 2200157 4500001002100000005001500021035002000036245004600056100001900102300002600121260003100147082000800178084001400186020002200200990001200222INLIS00000000000307920250930085810 a0010-09250004261 aKamus Inggris Indonesia /cJohn M. Echols0 aJohn M. Echols a824 hlm ;c15 x 23 cm aJakarta :bGramedia,c2016 a420 a420 JOH k a978-602-03-0563-9 a0755560